[Event "Women's Baku Chess Olympiad"]
[Site "chess24.com"]
[Date "2016.09.10"]
[Round "8"]
[White "Franciskovic, Borka"]
[Black "Jennitha, Anto K."]
[Result "1/2-1/2"]
[Board "1"]
[WhiteID "14507943"]
[WhiteElo "2267"]
[WhiteTitle "WIM"]
[WhiteCountry "CRO"]
[WhiteFideId "14507943"]
[WhiteEloChange "-7"]
[BlackID "5018218"]
[BlackElo "1953"]
[BlackTitle "WIM"]
[BlackCountry "IND"]
[BlackFideId "5018218"]
[BlackEloChange "7"]

1. Nf3 {[%clk 1:30:55]} Nf6 {[%clk 1:30:54]} 2. g3 {[%clk 1:30:55]} d5 {[%clk
1:31:09]} 3. Bg2 {[%clk 1:31:14]} c6 {[%clk 1:31:27]} 4. O-O {[%clk 1:31:18]} Bg4
{[%clk 1:31:46]} 5. d3 {[%clk 1:29:25]} Nbd7 {[%clk 1:31:34]} 6. c4 {[%clk
1:27:31]} e6 {[%clk 1:29:04]} 7. cxd5 {[%clk 1:26:00]} exd5 {[%clk 1:15:35]} 8.
Nc3 {[%clk 1:21:49]} Bd6 {[%clk 1:12:29]} 9. h3 {[%clk 1:12:08]} Bh5 {[%clk
1:12:29]} 10. Nd4 {[%clk 1:00:32]} O-O {[%clk 1:07:11]} 11. Nf5 {[%clk 0:57:46]}
Bc7 {[%clk 1:04:10]} 12. Qc2 {[%clk 0:52:00]} Bg6 {[%clk 0:59:11]} 13. Nh4 {[%clk
0:47:17]} Nh5 {[%clk 0:51:46]} 14. Nxg6 {[%clk 0:43:47]} hxg6 {[%clk 0:51:41]}
15. e4 {[%clk 0:42:16]} dxe4 {[%clk 0:45:55]} 16. dxe4 {[%clk 0:42:12]} Nb6
{[%clk 0:44:25]} 17. b3 {[%clk 0:36:24]} Qe7 {[%clk 0:37:51]} 18. Bb2 {[%clk
0:29:41]} Rfd8 {[%clk 0:37:51]} 19. Rad1 {[%clk 0:26:56]} Rxd1 {[%clk 0:29:15]}
20. Rxd1 {[%clk 0:27:08]} Rd8 {[%clk 0:27:57]} 21. Rxd8+ {[%clk 0:26:53]} Qxd8
{[%clk 0:28:15]} 22. Ne2 {[%clk 0:24:05]} Nf6 {[%clk 0:24:32]} 23. e5 {[%clk
0:13:12]} Nfd5 {[%clk 0:22:53]} 24. e6 {[%clk 0:12:39]} f5 {[%clk 0:09:13]} 25.
Nc3 {[%clk 0:11:39]} Nf6 {[%clk 0:08:46]} 26. Qe2 {[%clk 0:08:54]} Qe7 {[%clk
0:08:30]} 27. Bf3 {[%clk 0:07:33]} Bd6 {[%clk 0:08:19]} 28. Nb1 {[%clk 0:04:58]}
Ne8 {[%clk 0:08:11]} 29. Nd2 {[%clk 0:03:43]} Nc7 {[%clk 0:08:17]} 30. Nc4 {[%clk
0:03:38]} Nxc4 {[%clk 0:08:15]} 31. Qxc4 {[%clk 0:04:05]} Nxe6 {[%clk 0:08:02]}
32. Bc3 {[%clk 0:02:20]} Kh7 {[%clk 0:07:41]} 33. h4 {[%clk 0:02:25]} Nc7 {[%clk
0:06:59]} 34. Qd3 {[%clk 0:02:05]} Nd5 {[%clk 0:05:02]} 35. Bd2 {[%clk 0:00:44]}
Nf6 {[%clk 0:05:20]} 36. Bg5 {[%clk 0:00:50]} Qe1+ {[%clk 0:04:41]} 37. Qf1
{[%clk 0:00:35]} Qxf1+ {[%clk 0:04:52]} 38. Kxf1 {[%clk 0:01:04]} Nd7 {[%clk
0:05:21]} 39. Be2 {[%clk 0:00:46]} Kg8 {[%clk 0:05:39]} 40. Bd3 {[%clk 0:30:41]}
Ne5 {[%clk 0:34:41]} 41. Bc2 {[%clk 0:30:01]} Kf8 {[%clk 0:21:36]} 42. Ke2 {[%clk
0:27:36]} Kf7 {[%clk 0:12:15]} 43. h5 {[%clk 0:23:55]} gxh5 {[%clk 0:08:36]} 44.
Bxf5 {[%clk 0:24:07]} g6 {[%clk 0:08:57]} 45. Be4 {[%clk 0:23:58]} Nd7 {[%clk
0:08:45]} 46. Be3 {[%clk 0:21:56]} a6 {[%clk 0:08:31]} 47. a4 {[%clk 0:12:04]}
Kf6 {[%clk 0:06:17]} 48. f4 {[%clk 0:10:46]} Bc5 {[%clk 0:06:43]} 49. Bd2 {[%clk
0:09:57]} Bd4 {[%clk 0:06:48]} 50. Bc2 {[%clk 0:09:57]} Nc5 {[%clk 0:06:10]} 51.
Be1 {[%clk 0:08:31]} b5 {[%clk 0:05:18]} 52. axb5 {[%clk 0:08:30]} axb5 {[%clk
0:05:16]} 53. b4 {[%clk 0:06:39]} Ne6 {[%clk 0:05:31]} 54. Be4 {[%clk 0:05:28]}
c5 {[%clk 0:05:10]} 55. bxc5 {[%clk 0:05:43]} Bxc5 {[%clk 0:05:22]} 56. Bc3+
{[%clk 0:05:19]} Bd4 {[%clk 0:05:40]} 57. Bb4 {[%clk 0:03:08]} g5 {[%clk
0:04:31]} 58. fxg5+ {[%clk 0:03:02]} Kxg5 {[%clk 0:04:35]} 59. Bd5 {[%clk
0:02:00]} Kf6 {[%clk 0:04:09]} 60. Bf3 {[%clk 0:01:47]} Be5 {[%clk 0:04:31]} 61.
Bxh5 {[%clk 0:01:46]} Bxg3 {[%clk 0:04:56]} 62. Be8 {[%clk 0:01:46]} Nc7 {[%clk
0:05:13]} 63. Bc6 {[%clk 0:02:00]} Ke6 {[%clk 0:05:19]} 64. Ba5 {[%clk 0:02:08]}
Kd6 {[%clk 0:05:09]} 65. Bxc7+ {[%clk 0:02:21]} Kxc7 {[%clk 0:05:35]} 66. Bxb5
{[%clk 0:02:46]} 1/2-1/2

[Event "Women's Baku Chess Olympiad"]
[Site "chess24.com"]
[Date "2016.09.10"]
[Round "8"]
[White "Aleksandrova, Aleksandra"]
[Black "Saric, Kristina"]
[Result "0-1"]
[Board "2"]
[WhiteID "4144198"]
[WhiteElo "1848"]
[WhiteTitle "WFM"]
[WhiteCountry "ISR"]
[WhiteFideId "4144198"]
[WhiteEloChange "-2"]
[BlackID "14507323"]
[BlackElo "2201"]
[BlackTitle "WIM"]
[BlackCountry "CRO"]
[BlackFideId "14507323"]
[BlackEloChange "2"]

1. e4 {[%clk 1:30:26]} c5 {[%clk 1:30:46]} 2. f4 {[%clk 1:30:05]} Nc6 {[%clk
1:27:31]} 3. Nf3 {[%clk 1:29:34]} d6 {[%clk 1:26:53]} 4. c3 {[%clk 1:29:44]} Nf6
{[%clk 1:24:40]} 5. d3 {[%clk 1:29:24]} e6 {[%clk 1:21:04]} 6. Be2 {[%clk
1:27:28]} Be7 {[%clk 1:21:03]} 7. Na3 {[%clk 1:24:38]} O-O {[%clk 1:17:22]} 8.
Nc2 {[%clk 1:22:47]} Rb8 {[%clk 1:06:03]} 9. a4 {[%clk 1:22:37]} a6 {[%clk
1:06:09]} 10. Ne3 {[%clk 1:19:47]} b5 {[%clk 1:01:40]} 11. axb5 {[%clk 1:15:54]}
axb5 {[%clk 1:01:59]} 12. O-O {[%clk 1:08:21]} b4 {[%clk 0:46:51]} 13. Nc4 {[%clk
0:55:08]} d5 {[%clk 0:38:21]} 14. Nce5 {[%clk 0:54:12]} Bb7 {[%clk 0:37:36]} 15.
Nxc6 {[%clk 0:35:37]} Bxc6 {[%clk 0:37:58]} 16. e5 {[%clk 0:36:03]} Nd7 {[%clk
0:37:29]} 17. Be3 {[%clk 0:36:20]} bxc3 {[%clk 0:31:51]} 18. bxc3 {[%clk
0:36:48]} Qc7 {[%clk 0:30:15]} 19. Qc2 {[%clk 0:36:24]} Ra8 {[%clk 0:23:27]} 20.
d4 {[%clk 0:35:53]} Rxa1 {[%clk 0:19:23]} 21. Rxa1 {[%clk 0:36:21]} Rb8 {[%clk
0:18:44]} 22. f5 {[%clk 0:34:46]} exf5 {[%clk 0:18:13]} 23. Qxf5 {[%clk 0:34:37]}
g6 {[%clk 0:17:02]} 24. Qh3 {[%clk 0:33:50]} Nf8 {[%clk 0:15:13]} 25. Ng5 {[%clk
0:27:56]} Bd7 {[%clk 0:15:10]} 26. Qh6 {[%clk 0:26:04]} cxd4 {[%clk 0:14:50]} 27.
Bxd4 {[%clk 0:19:02]} Bxg5 {[%clk 0:14:19]} 28. Qxg5 {[%clk 0:19:25]} Ne6 {[%clk
0:14:41]} 29. Qd2 {[%clk 0:19:27]} Nxd4 {[%clk 0:14:13]} 30. cxd4 {[%clk
0:16:39]} Be6 {[%clk 0:13:19]} 31. Bf3 {[%clk 0:14:28]} Qb6 {[%clk 0:11:30]} 32.
Rd1 {[%clk 0:08:06]} Rc8 {[%clk 0:10:30]} 33. h3 {[%clk 0:06:57]} Qb3 {[%clk
0:09:38]} 34. Kh2 {[%clk 0:05:59]} Rc2 {[%clk 0:07:16]} 35. Qf4 {[%clk 0:06:27]}
Qb2 {[%clk 0:06:42]} 36. Qf6 {[%clk 0:03:41]} Rc8 {[%clk 0:06:25]} 37. Qh4 {[%clk
0:03:18]} Ra8 {[%clk 0:04:52]} 38. Rf1 {[%clk 0:02:43]} Qb5 {[%clk 0:04:07]} 39.
Rf2 {[%clk 0:02:36]} Qd7 {[%clk 0:04:04]} 40. Qf6 {[%clk 0:31:52]} Rc8 {[%clk
0:32:30]} 41. Qf4 {[%clk 0:31:00]} Qa7 {[%clk 0:26:39]} 42. Rd2 {[%clk 0:25:51]}
Qa1 {[%clk 0:22:38]} 43. Rd1 {[%clk 0:22:01]} Qb2 {[%clk 0:22:06]} 44. Qf6 {[%clk
0:22:05]} Qc3 {[%clk 0:20:15]} 45. Qe7 {[%clk 0:19:20]} Qe3 {[%clk 0:18:46]} 46.
Qh4 {[%clk 0:16:30]} Qb3 {[%clk 0:12:56]} 47. Ra1 {[%clk 0:13:56]} Qb6 {[%clk
0:12:55]} 48. Qf4 {[%clk 0:12:20]} Qc7 {[%clk 0:09:06]} 49. Qd2 {[%clk 0:12:11]}
Qb6 {[%clk 0:08:41]} 50. Ra5 {[%clk 0:11:40]} Qb7 {[%clk 0:08:18]} 51. Qa2 {[%clk
0:09:59]} Rd8 {[%clk 0:08:11]} 52. Qa4 {[%clk 0:07:51]} Qe7 {[%clk 0:07:02]} 53.
Qa2 {[%clk 0:04:35]} Qb7 {[%clk 0:06:26]} 54. Qd2 {[%clk 0:03:55]} Qe7 {[%clk
0:05:16]} 55. Rc5 {[%clk 0:03:59]} Qb7 {[%clk 0:04:20]} 56. Qa5 {[%clk 0:03:02]}
Ra8 {[%clk 0:03:34]} 57. Qc3 {[%clk 0:02:54]} Rd8 {[%clk 0:03:02]} 58. Rc7 {[%clk
0:02:29]} Qb6 {[%clk 0:02:50]} 59. Rc6 {[%clk 0:02:55]} Qb7 {[%clk 0:02:55]} 60.
Qc5 {[%clk 0:03:12]} Qb3 {[%clk 0:02:23]} 61. Qe7 {[%clk 0:03:06]} Qb8 {[%clk
0:02:28]} 62. Rc7 {[%clk 0:02:48]} Re8 {[%clk 0:02:27]} 63. Rb7 {[%clk 0:02:57]}
Qc8 {[%clk 0:02:21]} 64. Qb4 {[%clk 0:03:23]} Qc1 {[%clk 0:02:12]} 65. Rb5 {[%clk
0:01:48]} Qf4+ {[%clk 0:02:08]} 66. Kg1 {[%clk 0:01:43]} Qe3+ {[%clk 0:02:09]}
67. Kf1 {[%clk 0:01:44]} Bf5 {[%clk 0:01:54]} 68. Be2 {[%clk 0:01:08]} Qf4+
{[%clk 0:01:50]} 69. Kg1 {[%clk 0:00:55]} Qe3+ {[%clk 0:01:56]} 70. Kf1 {[%clk
0:01:23]} Be4 {[%clk 0:01:16]} 71. Rb8 {[%clk 0:01:05]} Bxg2+ {[%clk 0:01:27]}
72. Ke1 {[%clk 0:00:37]} Rxb8 {[%clk 0:01:31]} 73. Qxb8+ {[%clk 0:01:06]} Kg7
{[%clk 0:01:58]} 74. Qd6 {[%clk 0:00:37]} Qg3+ {[%clk 0:01:21]} 75. Kd2 {[%clk
0:00:56]} Qf4+ {[%clk 0:01:39]} 76. Kc3 {[%clk 0:00:32]} Qc1+ {[%clk 0:01:22]}
77. Kb3 {[%clk 0:01:00]} Qe3+ {[%clk 0:01:42]} 78. Kb4 {[%clk 0:01:00]} Qxd4+
{[%clk 0:01:49]} 79. Ka5 {[%clk 0:01:02]} Qd2+ {[%clk 0:01:49]} 80. Kb6 {[%clk
0:01:27]} Qe3+ {[%clk 0:01:20]} 81. Kc7 {[%clk 0:01:36]} Qxe2 {[%clk 0:01:17]}
82. Qf6+ {[%clk 0:01:37]} Kh6 {[%clk 0:01:30]} 83. Qf4+ {[%clk 0:01:08]} Kh5
{[%clk 0:01:22]} 84. h4 {[%clk 0:00:47]} Qc4+ {[%clk 0:01:33]} 0-1

[Event "Women's Baku Chess Olympiad"]
[Site "chess24.com"]
[Date "2016.09.10"]
[Round "8"]
[White "Deur Saric, Zrinka"]
[Black "Kaydanovich, Marina"]
[Result "1-0"]
[Board "3"]
[WhiteID "14512670"]
[WhiteElo "2185"]
[WhiteTitle "WFM"]
[WhiteCountry "CRO"]
[WhiteFideId "14512670"]
[WhiteEloChange "2"]
[BlackID "4134877"]
[BlackElo "1809"]
[BlackTitle "WIM"]
[BlackCountry "RUS"]
[BlackFideId "4134877"]
[BlackEloChange "-2"]

1. e4 {[%clk 1:30:57]} e5 {[%clk 1:30:54]} 2. Nf3 {[%clk 1:31:19]} Nc6 {[%clk
1:31:17]} 3. Bb5 {[%clk 1:31:41]} Nf6 {[%clk 1:31:23]} 4. d3 {[%clk 1:31:30]} Ne7
{[%clk 1:26:58]} 5. O-O {[%clk 1:29:34]} c6 {[%clk 1:27:06]} 6. Ba4 {[%clk
1:29:33]} Ng6 {[%clk 1:27:20]} 7. c4 {[%clk 1:18:26]} Be7 {[%clk 1:26:42]} 8. Nc3
{[%clk 1:18:40]} O-O {[%clk 1:26:38]} 9. d4 {[%clk 1:12:28]} exd4 {[%clk
1:24:23]} 10. Nxd4 {[%clk 1:07:54]} d6 {[%clk 1:24:15]} 11. h3 {[%clk 1:03:21]}
d5 {[%clk 1:09:39]} 12. cxd5 {[%clk 1:01:07]} cxd5 {[%clk 1:09:57]} 13. exd5
{[%clk 1:01:28]} Nxd5 {[%clk 1:10:14]} 14. Nxd5 {[%clk 1:01:29]} Qxd5 {[%clk
1:10:21]} 15. Bb3 {[%clk 0:55:29]} Qd8 {[%clk 1:08:50]} 16. Be3 {[%clk 0:52:53]}
Bf6 {[%clk 1:08:31]} 17. Qc2 {[%clk 0:47:18]} Bd7 {[%clk 1:02:43]} 18. Rfd1
{[%clk 0:42:56]} Qa5 {[%clk 1:01:43]} 19. Qe4 {[%clk 0:37:13]} Bxd4 {[%clk
1:00:07]} 20. Bxd4 {[%clk 0:35:37]} Bc6 {[%clk 1:00:09]} 21. Qg4 {[%clk 0:35:34]}
h5 {[%clk 0:58:20]} 1-0

[Event "Women's Baku Chess Olympiad"]
[Site "chess24.com"]
[Date "2016.09.10"]
[Round "8"]
[White "Dorozhkina, Mariya"]
[Black "Vujnovic, Patricija"]
[Result "0-1"]
[Board "4"]
[WhiteID "54132185"]
[WhiteElo "1595"]
[WhiteCountry "RUS"]
[WhiteFideId "54132185"]
[WhiteEloChange "-2"]
[BlackID "14502313"]
[BlackElo "2137"]
[BlackCountry "CRO"]
[BlackFideId "14502313"]
[BlackEloChange "2"]

1. e4 {[%clk 1:30:59]} e6 {[%clk 1:30:52]} 2. d4 {[%clk 1:31:15]} d5 {[%clk
1:31:15]} 3. Nd2 {[%clk 1:31:33]} Nf6 {[%clk 1:30:08]} 4. e5 {[%clk 1:29:58]}
Nfd7 {[%clk 1:30:26]} 5. Ngf3 {[%clk 1:29:03]} c5 {[%clk 1:30:18]} 6. c3 {[%clk
1:27:19]} Nc6 {[%clk 1:30:16]} 7. Bd3 {[%clk 1:16:41]} Qb6 {[%clk 1:26:48]} 8.
Qa4 {[%clk 1:05:33]} cxd4 {[%clk 1:09:01]} 9. cxd4 {[%clk 1:05:09]} f6 {[%clk
1:02:06]} 10. exf6 {[%clk 0:50:53]} Nxf6 {[%clk 1:01:57]} 11. Qb5 {[%clk
0:38:59]} Bd7 {[%clk 0:55:58]} 12. Qxb6 {[%clk 0:36:22]} axb6 {[%clk 0:56:27]}
13. O-O {[%clk 0:35:18]} Bd6 {[%clk 0:52:21]} 14. Re1 {[%clk 0:32:41]} O-O {[%clk
0:48:02]} 15. Nb3 {[%clk 0:29:52]} Nb4 {[%clk 0:42:39]} 16. Bb1 {[%clk 0:30:05]}
Rac8 {[%clk 0:36:32]} 17. Bd2 {[%clk 0:27:06]} Nc2 {[%clk 0:24:58]} 18. Bxc2
{[%clk 0:27:25]} Rxc2 {[%clk 0:25:27]} 19. Rab1 {[%clk 0:22:17]} Ne4 {[%clk
0:23:35]} 20. Be3 {[%clk 0:18:28]} Rfc8 {[%clk 0:18:48]} 21. Rec1 {[%clk
0:13:56]} h6 {[%clk 0:15:46]} 22. Rxc2 {[%clk 0:12:11]} Rxc2 {[%clk 0:16:15]} 23.
Nbd2 {[%clk 0:11:59]} Nf6 {[%clk 0:13:18]} 24. h3 {[%clk 0:10:32]} Bb5 {[%clk
0:11:44]} 25. Ne1 {[%clk 0:09:50]} Rc8 {[%clk 0:11:56]} 26. Ndf3 {[%clk 0:09:25]}
Nd7 {[%clk 0:08:40]} 27. g3 {[%clk 0:08:06]} Bc4 {[%clk 0:04:42]} 28. Rc1 {[%clk
0:07:47]} Rc6 {[%clk 0:03:36]} 29. a3 {[%clk 0:06:41]} b5 {[%clk 0:03:23]} 30.
Bd2 {[%clk 0:04:45]} Nb6 {[%clk 0:03:21]} 31. Nc2 {[%clk 0:03:45]} Be2 {[%clk
0:01:04]} 32. Nh2 {[%clk 0:03:05]} Na4 {[%clk 0:01:00]} 33. Re1 {[%clk 0:01:46]}
Rxc2 {[%clk 0:01:07]} 34. Rxe2 {[%clk 0:02:11]} Nxb2 {[%clk 0:01:08]} 35. Nf3
{[%clk 0:01:39]} Nc4 {[%clk 0:01:00]} 0-1